Akademik ČSAV a SAV Oldrich Benda šesťdesiatročný

Bibliographic Details
Main Author: Kalaš, Václav, 1928-2013 (Author)
Format: Article
Language:Slovak
Subjects:

MARC

LEADER 00000nab a2200000 a 4500
001 vtls000381539
003 SK-MaSNL
005 20260303134527.0
008 230217c1989 xo 0 slo
015 |a SNBRB19rr/mm-uuuuu 
035 |a CL0381661 
035 |a urn:nbn:sk:snk-abd1m5 
035 |a (urnnbn)urn:nbn:sk:snk:ar-006w9y 
035 |a (uuid)e0c14647-29eb-4e8a-beb0-329fe904b2e4 
040 |a SNKBUCL  |b slo  |c SNKBUCL  |e AACR2 
041 0 |a slo 
044 |a xo  |c SK 
080 |a 621.3-051  |2 1981 
080 |a 378.12  |2 1981 
080 |a 929 Benda, Oldrich  |2 1981 
100 1 |a Kalaš, Václav,  |d 1928-2013  |4 aut  |9 160805 
245 1 0 |a Akademik ČSAV a SAV Oldrich Benda šesťdesiatročný  |c Václav Kalaš ; Oldrich Benda 
600 1 7 |a Benda, Oldrich,  |d 1924-1999  |2 snkbucl  |9 160273 
655 7 |a články z novín a časopisov  |2 snkbucl  |9 267496 
773 0 |t Elektrotechnický časopis  |g Roč. 40, č. 10 (1989), s. 787-789 
850 |a Slovenská národná knižnica v Martine  |a MTA001 
852 |a SNK  |b KIS3GCP 
954 |a odborná, vedecká literatúra pôvodná (slovenská)  |2 lita 
958 |a BX 
958 |a RK 
958 |a OND 
958 |a EUIPO 
958 |a article17 
992 |a RBX 
999 |c 1960959  |d 1962889